Województwa Polski - nagła śmierć - Statystyki

Ogólne statystyki
  • Ten quiz został rozwiązany 81 razy
  • Średni wynik to 10 z 16
Answers on the Grid
Answers color-coded by a green-red scale on the quiz's grid according to % correct below.
Zachodnio-pomorskie
Szczecińskie
Gorzowskie
Lubulskie
Lubuskie
Zielonogórskie
Dolnośląskie
Opolskie
Katowickie
Gliwickie
Śląskie
Łódzkie
Pyrskie
Wielkopolskie
Gdańskie
Pomorskie
Kujawskie
Warmińskie
Warmińsko-mazurskie
Białostockie
Podlaskie
Kujawsko-pomorskie
Lublińskie
Lubelskie
Rzeszowskie
Podkarpackie
Krakowskie
Radomskie
Świętokrzyskie
Małopolskie
Warszawskie
Mazowieckie
 
Statystyki odpowiedzi
Odpowiedź % Poprawnych
Zachodnio-pomorskie
97%
Dolnośląskie
74%
Lubuskie
71%
Opolskie
71%
Łódzkie
66%
Pomorskie
66%
Śląskie
63%
Wielkopolskie
63%
Lubelskie
60%
Mazowieckie
60%
Kujawsko-pomorskie
57%
Małopolskie
57%
Podkarpackie
57%
Podlaskie
57%
Warmińsko-mazurskie
57%
Świętokrzyskie
54%
Nie znaleziono quizów pasujących do podanych kryteriów
Rozkład punktacji
Procent ludzi z każdym wynikiem
Percentyl według liczby udzielonych odpowiedzi
Twoja historia wyników
Nie rozwiązałeś tego quizu